000 01591namaa2200349 i 4500
003 EG-GICUC
005 20260126145059.0
008 260126s1982 ua |||jr|||| 001 0 ara d
017 _a1981 / 3631
_bدار الكتب والوثائق القومية (مصر)
020 _a9777345585
040 _aEG-GiCUC
_bara
_cEG-GiCUC
_dEG-GiCUC
_erda
082 0 4 _221
_a814.0296
_bA862d
092 0 4 _221
_a814.0296
_bA862d
099 _a814.0296 A862d
100 1 _eمؤلف.
245 1 2 _aالمقامات اللزومية للسرقسطى /
_cتحقيق الدكتور بدر احمد ضيف ؛ تقديم الاستاذ الدكتور محمد مصطفى هدارة.
264 _aالاسكندرية (مصر) :
_bالهيئة المصرية العامة للكتاب،
_c1982.
300 _a605 صفحة ؛
_c24 سم
336 _2rdacontent
_atext
337 _2rdamedia
_aUnmediated
338 _2rdacarrier
_avolume
504 _aيشتمل على ارجاعات ببليوجرافية وكشاف.
541 _aد. جابر عصفور ؛
_bالقاهرة ؛
_cإهداء ؛
_d2024.
600 _aالسرقسطى، محمد بن يوسف بن عبد الله بن ابراهيم التميمى السرقسطى
650 1 7 _aالماقمات العربية
_xتاريخ ونقد
_zالاندلس
_2qrmak
650 1 7 _aالماقمات العربية
_xتاريخ ونقد
_yالعصر العباسى
_2qrmak
651 1 _2qrmak
700 1 _aضيف، بدر احمد
_eمحقق.
700 1 _aهدارة، محمد مصطفى
_eمقدم.
905 _aAya
942 _2ddc
_cBK
_e21
_n0
999 _c178039
_d178039